Intersección Hospital México

Bewaard in:
Bibliografische gegevens
Hoofdauteur: Bagnarello Monge, Johnny
Formaat: Onbekend
Gepubliceerd in: [San José, Costa Rica] 1974
Onderwerpen:
Tags: Voeg label toe
Geen labels, Wees de eerste die dit record labelt!

MARC

LEADER 00000 a2200000 4500
003 011458
005 20221231143820.0
008 140114s1974 c a m 000 ||s d
040 |c cru CEDI 
090 |a TFG 539 
100 |a Bagnarello Monge, Johnny  |9 16665 
245 |a Intersección Hospital México 
260 |c 1974  |a [San José, Costa Rica] 
300 |a  25 hojas : cuadros, mapas (plegables)  
500 |a Tesis (Ingeniero Civil) Universidad de Costa Rica.  
650 |x CONSTRUCCION DE CARRETERAS   |x CARRETERAS -- CRUCES  |9 16666 
942 |c TFG 
999 |c 12416  |d 12416